<?xml version="1.0" encoding="UTF-8"?>
<record
    xmlns:xsi="http://www.w3.org/2001/XMLSchema-instance"
    xsi:schemaLocation="http://www.loc.gov/MARC21/slim http://www.loc.gov/standards/marcxml/schema/MARC21slim.xsd"
    xmlns="http://www.loc.gov/MARC21/slim">

  <leader>00374nam a2200145Ia 4500</leader>
  <controlfield tag="008">230411s9999    xx            000 0 und d</controlfield>
  <datafield tag="020" ind1=" " ind2=" ">
    <subfield code="a">0-8127-0297-2</subfield>
  </datafield>
  <datafield tag="041" ind1=" " ind2=" ">
    <subfield code="a">eng</subfield>
  </datafield>
  <datafield tag="082" ind1=" " ind2=" ">
    <subfield code="a">X/820/VAN/B00189</subfield>
  </datafield>
  <datafield tag="100" ind1=" " ind2=" ">
    <subfield code="a">Vanpelt Nancy</subfield>
    <subfield code="9">176442</subfield>
  </datafield>
  <datafield tag="245" ind1=" " ind2=" ">
    <subfield code="a">To Have And To Hold</subfield>
  </datafield>
  <datafield tag="260" ind1=" " ind2=" ">
    <subfield code="b">Review And Herald</subfield>
    <subfield code="a">Washington</subfield>
    <subfield code="c">1980</subfield>
  </datafield>
  <datafield tag="300" ind1=" " ind2=" ">
    <subfield code="a">208p</subfield>
  </datafield>
  <datafield tag="999" ind1=" " ind2=" ">
    <subfield code="c">151708</subfield>
    <subfield code="d">151708</subfield>
  </datafield>
  <datafield tag="952" ind1=" " ind2=" ">
    <subfield code="0">0</subfield>
    <subfield code="1">0</subfield>
    <subfield code="4">0</subfield>
    <subfield code="7">0</subfield>
    <subfield code="8">X</subfield>
    <subfield code="a">BTIN</subfield>
    <subfield code="b">BTIN</subfield>
    <subfield code="d">2000-11-20</subfield>
    <subfield code="e">Donated</subfield>
    <subfield code="g">455.00</subfield>
    <subfield code="i">73412</subfield>
    <subfield code="l">0</subfield>
    <subfield code="o">X 820 VAN B00189</subfield>
    <subfield code="p">BTIN-BK-189</subfield>
    <subfield code="r">2023-04-11 00:00:00</subfield>
    <subfield code="v">455.00</subfield>
    <subfield code="w">2000-11-20</subfield>
    <subfield code="y">BK</subfield>
    <subfield code="z">B00189</subfield>
  </datafield>
</record>
